000 00481nam a2200169Ia 4500
999 _c4799
_d4799
020 _a0721633811
082 _a616.362
_bZAK
_22nd
100 _aZakim, David.
100 _aThomas D. boyer
245 0 _aHepatology;
_bA Textbook of liver diseae Vol -2/
250 _a2nd
260 _aPhiladelphia
_bW. B. Saunders Company
_c1990
300 _a1568p;
_billl;
_c29cdm.
490 _vvol-2
650 _aLiver Diseases.
_vLiver Blood flow
_vhepatic Regeneration
_vimdc
942 _cBK
_2ddc